Návrh nástroja pre použitie inovatívnej technológie nitovania

Na minha lista:
Detalhes bibliográficos
Autor principal: Bašovský, Ondrej (Author)
Outros Autores: Matúšová, Miriam (Thesis advisor)
Formato: Manuscrito Livro
Idioma:eslovaco
Publicado em: 2017
Assuntos:
Acesso em linha:http://is.stuba.sk/zp/portal_zp.pl?podrobnosti=126912
Tags: Adicionar Tag
Sem tags, seja o primeiro a adicionar uma tag!

MARC

LEADER 00000ntm a22000003a 4500
001 stuzp62135
003 SK-STU
005 20170624211337.9
007 ta
008 150427s2015----xo-----f-mn---000-0-slo-d
040 |a STU  |b slo 
041 0 |a slo 
100 1 |a Bašovský, Ondrej  |u 063000  |4 aut  |U MTF Materiálovotechnologická fakulta  |T MTF Ústav výrobných technológií  |X 82020  |U M3000  |Y 83  |7 82020 
242 0 1 |a Proposal of tooling for usage of inovative riveting technology  |y eng 
245 1 0 |a Návrh nástroja pre použitie inovatívnej technológie nitovania 
260 |c 2017 
650 4 |a nitovanie  |2 slo 
650 4 |a nit  |2 slo 
650 4 |a spoj  |2 slo 
650 4 |a razník  |2 slo 
650 4 |a konštrukcia  |2 slo 
650 4 |a riveting  |2 eng 
650 4 |a rivet  |2 eng 
650 4 |a joint  |2 eng 
650 4 |a punch  |2 eng 
650 4 |a construction  |2 eng 
700 1 |a Matúšová, Miriam  |u 063800  |k Z1  |4 ths  |U MTF Ústav výrobných technológií  |T MTF Katedra výrobných systémov, metrológie a montáže  |X 4309  |U M3800  |Y 660  |7 A000004309 
856 4 |u http://is.stuba.sk/zp/portal_zp.pl?podrobnosti=126912 
996 |c M* DP-13003  |l MMSKP  |s P  |a 0  |w stuzp62135_0001